Представление документа в формате RUSMARC

ПолеНазваниеЗначение
  Тип записи i
  Библиографический уровень m
001 Контрольный номер RU/IS/BASE/404819949
005 Дата корректировки 20250218120930.8
010 Индекс ISBN __
d Цена 152-69
101 Язык документа 0_
a Язык текста rus
200 Заглавие и сведения об ответственности 1_
a Заглавие Стажеры
e Сведения, относящиеся к заглавию [фантаст. повесть : аудиокнига]
f Первые сведения об ответственности братья Стругацкие ; читает Владимир Левашов
b Общее обозначение материала Звукозапись
210 Выходные данные 1_
a Место издания М.
c Издательство Геликон Плюс
c Издательство АРДИС
d Дата издания 2012
215 Физическое описание __
a Объем 1 электрон. опт. диск (Audio CD) (9 ч. 29 мин.)
225 Серия 2_
a Серия Фантастика и приключения
300 Общие примечания __
a Общие примечания MPEG Layer 3 (mp3) ; 160 kbps ; 16 bit ; 44,1 kHz ; stereo
323 Примечание о главных создателях, исполнителях, участниках __
a Примечание о главных создателях, исполнителях, участниках Левашов, В. (читает)
330 Аннотация __
a Аннотация Эта повесть посвящена мужественным покорителям космоса, высочайшим достижениям техники, светлым идеалам весьма недалёкого, но уже почти идеального будущего. В "Стажерах" явственно ощущается уже более зрелое и трезвое отношение авторов к традиционным темам фантастики, да и к жизни вообще.
333 Примечание о целевом назначении __
a Примечание о целевом назначении 12+. Для детей старше 12 лет
606 Тематические рубрики __
a Основная рубрика Художественная литература
606 Тематические рубрики __
a Основная рубрика Русская литература XX в. (произведения)
610 Ключевые слова 0_
a Ключевые слова фантастика; фантастическая проза; фантастические повести; фантастические произведения; тема приключений; тема будущего; тема человека; советская литература; тема космоса
686 Индексы других классификаций __
a Классификационный индекс 84(2Рос=Рус)6-445я04; ст84(2Рос=Рус)6-445я0
700 Автор _1
a Фамилия Стругацкий
b Имя А. Н.
g Полное личное имя Аркадий Натанович
4 Код отношения 070
701 Альтернативная интеллектуальная ответственность _1
a Фамилия Стругацкий
b Имя Б. Н.
g Полное личное имя Борис Натанович
4 Код отношения 070
801 Источник записи _0
a Страна RU
b Организация Муниципальное бюджетное учреждение культуры "Централизованная библиотечная система" г. Сургут (Центральная городская библиотека им. А. С. Пушкина)
g Правила каталогизации КиК/Котельникова
801 Источник записи _1
a Страна RU
b Организация Муниципальное бюджетное учреждение культуры "Централизованная библиотечная система" г. Сургут (Центральная городская библиотека им. А. С. Пушкина)
g Правила каталогизации КиК/Котельникова
852 Данные о местонахождении __
j Шифр хранения 84(2Рос=Рус)6-445я04
i Авторский знак С 87
901 Тип документа __
t Тип документа 0
903 Характеристики (МАРС) __
a Дата передачи 20121029
969 Тип издания __
a Тип издания аудиокнига
990 Данные о заказе (DOS) __
j Количество экземпляров (DOS) 5
h N записи в КСУ для Б/У (DOS) 201210